Zasvěcení. (2), Poškození /
Volné pokračování románu americké autorky o geniální Bailey, která konečně získala pevnou půdu pod nohama. Díky nové rodině se jí daří vše, o čem kdy snila.
Uloženo v:
| Série: | Zasvěcení,
část 2 |
|---|---|
| Hlavní autor: | |
| Další autoři: | |
| Médium: | E-kniha |
| Jazyk: | Czech |
| Vydáno: |
Praha :
Baronet,
2022
|
| Vydání: | Vydání první |
| Témata: | |
| Příbuzné jednotky: | Z cyklu::
Zasvěcení |
| Tagy: |
Žádné tagy |
| LEADER | 02188nam a2200457 i 4500 | ||
|---|---|---|---|
| 001 | 311789 | ||
| 003 | CZ PrSKC | ||
| 005 | 20260601215711.0 | ||
| 007 | ta | ||
| 008 | 221220s2022 xr g 000 f cze | ||
| 015 | |a cnb003479223 | ||
| 020 | |a 9788026919650 |q (vázáno) | ||
| 035 | |a (OCoLC)1369541241 | ||
| 040 | |a ABG001 |b cze |d ABA001 |e rda | ||
| 041 | 1 | |a cze |h eng | |
| 072 | 7 | |a 821.111(73)-3 |x Americká próza |2 Konspekt | |
| 080 | |a 821.111(73)-31 |2 MRF | ||
| 080 | |a (0:82-31)-055.2 |2 MRF | ||
| 100 | 0 | |a Tijan |7 xx0250029 |4 aut | |
| 240 | 1 | 0 | |a Damaged. |l Česky |
| 245 | 1 | 0 | |a Zasvěcení. |n (2), |p Poškození / |c Tijan ; přeložila: Jana Pacnerová |
| 246 | 3 | 0 | |a Poškození |
| 250 | |a Vydání první | ||
| 264 | 1 | |a Praha : |b Baronet, |c 2022 | |
| 300 | |a 328 stran ; |c 21 cm | ||
| 336 | |a text |b txt |2 rdacontent | ||
| 337 | |a bez média |b n |2 rdamedia | ||
| 338 | |a svazek |b nc |2 rdacarrier | ||
| 500 | |a Přeloženo z angličtiny | ||
| 520 | 2 | |a Volné pokračování románu americké autorky o geniální Bailey, která konečně získala pevnou půdu pod nohama. Díky nové rodině se jí daří vše, o čem kdy snila. |b Bailey už není outsider - má rodinu a lásku, jaké si nikdy neuměla ani představit. Kash, zvyklý žít ve stínu, teď udělá cokoli, aby ochránil svou rodinu a tuto ženu. Společně se postaví světu. Mezitím se dál odvíjejí úchvatné motivy, lži a výbušná tajemství. Nakladatelská anotace. Kráceno. | |
| 655 | 7 | |a americké romány |7 fd131796 |2 czenas | |
| 655 | 7 | |a romány pro ženy |7 fd187897 |2 czenas | |
| 655 | 9 | |a American fiction |2 eczenas | |
| 655 | 9 | |a women's novels |2 eczenas | |
| 700 | 1 | |a Pacnerová, Jana, |d 1955- |7 jn20000810168 |4 trl | |
| 787 | 0 | 8 | |i Z cyklu: |t Zasvěcení |g 2 |
| 900 | |a ABA001 |b 21 | ||
| 044 | |a xr | ||
| 910 | |a RBIT002 | ||
| 998 | |d 365413 |a https://core.palmknihy.cz/api/books/365413/cover?sgwed1 |b https://core.palmknihy.cz/api/books/365413/cover/400?sgwed1 |c https://core.palmknihy.cz/api/books/365413/cover/50?sgwed1 |e 2026-07-29 |g 328 |i 9788026919650 |j https://core.palmknihy.cz/api/books/365413/preview.epub |l |q 49 |r 1 |s https://www.palmknihy.cz/kniha/365413 |t ebook |y 2022 |z 0 |v Zasvěcení |w 2 | ||
| 999 | |d 311787 | ||